00829cam a22002293a 45000010005000000030006000050050017000110080041000280400015000690420007000840500007000911000037000982450102001352600029002375050119002665060030003855160020004156530047004356530048004828300028005308560041005585278PGUSA20140828083118.0040301s2004||||xxu|||||s|||||000 p eng d aPGUSAbeng adc 4aPQ1 aLa Fontaine, Jean de,d1621-169510aTales and Novels of J. de La Fontaine — Volume 04h[electronic resource] /cJean de La Fontaine bProject Gutenberg,c20040 aThe Old Man's Calendar -- The Avaricious Wife and Tricking Galant -- The Jealous Husband -- The Gascon Unpunished. aPublic domain in the USA. aElectronic text aFrench poetry -- Translations into English aFables, French -- Translations into English 0aProject Gutenbergv527840uhttp://www.gutenberg.org/ebooks/5278